Statistics for Fireflies by Owl City Lyrics

Click here to take the quiz!

General Stats

  • This quiz has been taken 815 times
    (808 since last reset)
  • The average score is 48 of 246

Answer Stats

Answer% Correct
You
99%
Eyes,
98%
Not
98%
Would
98%
Your
98%
Believe
97%
If
96%
Million
96%
Ten
96%
The
57%
Up
57%
As
55%
Asleep.
55%
Fell
55%
Lit
55%
I
54%
World
53%
Cause
37%
Air,
36%
Everywhere
36%
Tear
36%
The
36%
And
35%
Drops
35%
Leave
35%
Open
35%
Fill
34%
I
32%
And
31%
Believe,
31%
Earth
31%
Like
31%
Make
31%
Myself
31%
Planet
31%
Slowly.
31%
Stare.
31%
To
31%
But
30%
I'd
30%
Just
30%
Stand
30%
That
30%
Think
30%
Turns
30%
Would
30%
Asleep.
29%
Awake
29%
Hard
29%
I'm
29%
It's
29%
To
29%
I'd
28%
Me
28%
Rather
28%
Say
28%
Stay
28%
That
28%
When
28%
You'd
28%
As
27%
Cause
27%
Everything
27%
Is
27%
It
27%
Never
27%
Rude,
27%
Seems.
27%
A
22%
As
21%
Bugs,
21%
Hugs,
21%
Lightning
21%
Ten
21%
They
21%
Thousand
21%
Thousand
21%
Dance.
20%
From
20%
Get
20%
How
20%
Me
20%
Teach
20%
To
20%
To
20%
A
19%
Above
19%
Cause
19%
Head,
19%
My
19%
A
18%
A
18%
Ball
18%
Bed,
18%
Believe,
18%
By
18%
Disco
18%
Foxtrot
18%
Hanging
18%
I'd
18%
Is
18%
Just
18%
Like
18%
Make
18%
My
18%
Myself
18%
Planet
18%
Thread.
18%
To
18%
A
17%
Beneath
17%
Earth
17%
I'd
17%
It's
17%
Slowly.
17%
That
17%
Turns
17%
Awake
16%
Hard
16%
I'd
16%
I'm
16%
Rather
16%
Say
16%
Sock
16%
Stay
16%
That
16%
To
16%
Tried
16%
When
16%
Asleep
15%
Cause
15%
Everything
15%
Hop
15%
Is
15%
Never
15%
As
14%
It
14%
Seems,
14%
They'd
14%
Asleep.
12%
Fall
12%
I
12%
When
12%
A
10%
Crack,
10%
Just
10%
My
10%
Open
10%
Door
9%
Feel
9%
I
9%
Leave
9%
An
8%
Asleep.
8%
Cause
8%
Counting
8%
Do
8%
Fall
8%
I
8%
I'm
8%
Insomniac
8%
Like
8%
Of
8%
Sheep
8%
Such
8%
Tire
8%
To
8%
When
8%
Why
8%
Cause
7%
Far
7%
Fireflies,
7%
Goodbyes.
7%
Hate
7%
I
7%
Million
7%
Ten
7%
Tired
7%
To
7%
Too
7%
As
6%
But
6%
Eyes
6%
Farewell.
6%
Got
6%
I
6%
I'm
6%
Misty
6%
Said
6%
They
6%
Weird
6%
A
5%
Are,
5%
Cause
5%
Dreams
5%
Firflies
5%
Get
5%
I
5%
I
5%
I'd
5%
If
5%
I'll
5%
Know
5%
Like
5%
Make
5%
My
5%
Myself
5%
Real
5%
Several
5%
To
5%
Where
5%
A
4%
And
4%
Are
4%
Asleep,
4%
At
4%
Awake
4%
Because
4%
Believe,
4%
Bizarre
4%
Bursting
4%
Dreams
4%
Earth
4%
Few,
4%
Hard
4%
I'd
4%
I'm
4%
In
4%
It's
4%
Jar.
4%
Keep
4%
My
4%
Planet
4%
Rather
4%
Saved
4%
Say
4%
Seams.
4%
Slowly.
4%
Stay
4%
That
4%
That
4%
The
4%
Them
4%
To
4%
Turns
4%
When
4%

Score Distribution

Percentile by Number Answered

Percent of People with Each Score

Your Score History

You have not taken this quiz since the last reset